Normal view
MARC view
Entry Topical Term
001 - CONTROL NUMBER
- control field: 12410
003 - CONTROL NUMBER IDENTIFIER
- control field: HDC
005 - DATE AND TIME OF LATEST TRANSACTION
- control field: 20230624073400.0
008 - FIXED-LENGTH DATA ELEMENTS
- fixed length control field: 210209|| aca||aabn | a|a d
040 ## - CATALOGING SOURCE
- Original cataloging agency: HDC
- Transcribing agency: HDC
150 ## - HEADING--TOPICAL TERM
- General subdivision: Sabah Islamic Religious Affairs Department (JHEAINS)
670 ## - SOURCE DATA FOUND
- Source citation: Work cat.: (HDC): Halal certification bad for business because we can’t sell alcohol, Sabah seafood restaurant owners say
